00700nam a2200253Ia 450000500170000000800410001702000150005808200190007310000170009210000150010924500520012425000160017626000420019230000180023465000140025265000140026665000150028065000120029565000130030765000120032094200060033295200950033899900130043320250317072112.0240331s9999 xx 000 0 und d a0205167624 a301bEIT24077 aEitzen, D. S aZinn, M. B 0aIn Conflict and Order:bUnderstanding Sociology a7th Edition aMassachusetts,bAllyn and Baconc1978 axxii, 586 p., aSociology aEducation aInequality aEconomy aPolitics aCulture cL 001040708LaWERCLbWERCLcSSCd2024-03-31l0o 301 EITp4077r2024-03-31w2024-03-31yL c997d997